| 000 | 004220000a22001690004500 | ||
|---|---|---|---|
| 003 | MACL | ||
| 005 | 20160107134635.0 | ||
| 008 | 160107b xxu||||| |||| 00| 0 eng d | ||
| 040 |
_aMACL _cMACL |
||
| 041 | _aEnglish | ||
| 082 | _a823/RHY | ||
| 100 |
_aJames, G P R _929248 |
||
| 245 | _aRichelieu A Tale of France | ||
| 260 |
_bJ M Dent & Sons LTD _c1911 _aLondon |
||
| 650 |
_aFiction _929249 |
||
| 942 |
_cBK _k823/RHY _2ddc |
||
| 999 |
_c37388 _d37388 |
||